| 000 | 00683nam a2200217 i 4500 | ||
|---|---|---|---|
| 001 | bgj | ||
| 245 | 0 | 0 |
_aEveryday health tips : _b2000 practical hints for better health and happiness / _cby the Editors of "Prevention.Magazine Health Books" ; contributing writers, Kim Anderson [etc.]. |
| 260 |
_aEmmaus, Pa : _bRodale Press, _cc. 1988. |
||
| 300 |
_aXV, 388 pp : _bill. ; _c29 cm. |
||
| 505 | _aIncludes index. | ||
| 650 | 9 | _aHealth | |
| 700 | 1 |
_aTKAC, Debora. _eeditor |
|
| 700 | 1 | _aANDERSON, Kim | |
| 710 | p | 0 | _aPrevention |
| 020 | _a0878577742 | ||
| 040 | _cBPK | ||
| 041 | 0 | _aeng | |
| 920 | _a0-87857-774-2 | ||
| 942 | _cKS | ||
| 008 | s uk f |000 0 eng | ||
| 999 |
_c47571 _d47571 |
||
| 856 |
_uhttp://koha.tu.koszalin.pl/cgi-bin/koha/opac-detail.pl?biblionumber=47571 _yKatalog online BPK |
||